The rights of an arrested and an accused person / (Record no. 321)

MARC details
000 -LEADER
fixed length control field 00821cam a2200265 a 4500
001 - CONTROL NUMBER
control field 4849785
003 - CONTROL NUMBER IDENTIFIER
control field OSt
005 - DATE AND TIME OF LATEST TRANSACTION
control field 20150519162519.0
008 - FIXED-LENGTH DATA ELEMENTS--GENERAL INFORMATION
fixed length control field 910116s1990 ke 000 0 eng
010 ## - LIBRARY OF CONGRESS CONTROL NUMBER
LC control number 90981612
020 ## - INTERNATIONAL STANDARD BOOK NUMBER
International Standard Book Number 0195727266 :
Terms of availability Shs. 50.00
040 ## - CATALOGING SOURCE
Original cataloging agency DLC
Transcribing agency DLC
Modifying agency DLC
043 ## - GEOGRAPHIC AREA CODE
Geographic area code f-ke---
050 00 - LIBRARY OF CONGRESS CALL NUMBER
Classification number KSK4610
Item number .M82 1990
082 ## - DEWEY DECIMAL CLASSIFICATION NUMBER
Classification number 345.056 MUT
100 1# - MAIN ENTRY--PERSONAL NAME
Personal name Mutunga, Willy.
9 (RLIN) 968
245 14 - TITLE STATEMENT
Title The rights of an arrested and an accused person /
Statement of responsibility, etc Willy Mutunga.
260 ## - PUBLICATION, DISTRIBUTION, ETC. (IMPRINT)
Place of publication, distribution, etc Nairobi :
Name of publisher, distributor, etc Oxford University Press,
Date of publication, distribution, etc 1990.
300 ## - PHYSICAL DESCRIPTION
Extent x, 89 p. ;
Dimensions 21 cm.
440 #0 - SERIES STATEMENT/ADDED ENTRY--TITLE
Title You and the law
9 (RLIN) 969
650 #0 - SUBJECT ADDED ENTRY--TOPICAL TERM
Topical term or geographic name as entry element Criminal procedure
Geographic subdivision Kenya.
9 (RLIN) 970
906 ## - LOCAL DATA ELEMENT F, LDF (RLIN)
a 7
b cbc
c orignew
d 2
e ncip
f 19
g y-gencatlg
942 ## - ADDED ENTRY ELEMENTS (KOHA)
Source of classification or shelving scheme Dewey Decimal Classification
Koha item type Books
Holdings
Withdrawn status Lost status Damaged status Not for loan Home library Current library Shelving location Date acquired Total Checkouts Full call number Date last seen Price effective from Koha item type
        Law Development Centre Main Library Law Development Centre Main Library Text Books and Laws 05/19/2015   345.056 MUT 05/19/2015 05/19/2015 Books